Foreign-Born Population: Australian Cities Quiz Stats

 Plays Quiz not verified by Sporcle

Score 0/40 Timer 05:00
0 Plays Today
City Country % Correct
BrisbaneThe UK
98.4%
MelbourneThe UK
98.4%
PerthThe UK
98.4%
SydneyThe UK
98.4%
BrisbaneChina
97.6%
MelbourneChina
97.6%
PerthChina
97.6%
SydneyChina
97.6%
BrisbaneIndia
95.6%
MelbourneIndia
95.6%
PerthIndia
95.6%
SydneyIndia
95.6%
BrisbaneNew Zealand
94.2%
MelbourneNew Zealand
94.2%
PerthNew Zealand
94.2%
SydneyNew Zealand
94.2%
BrisbaneVietnam
89.1%
MelbourneVietnam
89.1%
PerthVietnam
89.1%
SydneyVietnam
89.1%
City Country % Correct
MelbourneItaly
87.9%
PerthItaly
87.9%
SydneyItaly
87.9%
BrisbaneGermany
83.8%
BrisbaneThe Philippines
81.3%
MelbourneThe Philippines
81.3%
SydneyThe Philippines
81.3%
BrisbaneMalaysia
79.5%
MelbourneMalaysia
79.5%
PerthMalaysia
79.5%
BrisbaneSouth Africa
79.1%
PerthSouth Africa
79.1%
SydneySouth Korea
79.1%
SydneySouth Africa
79.1%
MelbourneGreece
77.5%
PerthIreland
76.7%
BrisbaneFiji
64.5%
MelbourneSri Lanka
63.6%
PerthSingapore
58.1%
SydneyLebanon
44.5%

You're not logged in!

Compare scores with friends on all Sporcle quizzes.
OR
Log In

You Might Also Like...

Show Comments

Extras

Top Quizzes Today


Score Distribution

Your Account Isn't Verified!

In order to create a playlist on Sporcle, you need to verify the email address you used during registration. Go to your Sporcle Settings to finish the process.

Report this User

Report this user for behavior that violates our Community Guidelines.

Details: